Statistics for Footballer by Pictures #3

Click here to take the quiz!

General Stats

  • This quiz has been taken 80 times
  • The average score is 10 of 16

Answer Stats

Answer% Correct
Emiliano Martínez
99%
Hakim Ziyech
91%
Paulo Dybala
91%
Serge Gnabry
90%
Alexandre Lacazette
83%
Dimitri Payet
80%
Kasper Schmeichel
80%
Ronald Araújo
77%
Koke
62%
Kevin-Prince Boateng
61%
Florian Wirtz
57%
José Luis Gayá
42%
Ryan Kent
41%
Steven Berghuis
25%
Jesper Lindstrøm
20%
Simon Terodde
10%

Score Distribution

Percentile by Number Answered

Percent of People with Each Score

Your Score History

You have not taken this quiz